Österreichischen MedaillengewinnerInnen bei olympischen Winterspielen - Statistiken

Allgemein
  • Dieses Quiz wurde 223 mal gespielt
    214 seit der letzten Aktualisierung
  • Das Durchschnittsergebnis liegt bei 53 aus 202
Antwortstatistiken
Anzahl an Medaillen Sportart Athleten % Korrekt
2x Gold 1x Silber Ski Alpin Marcel Hirscher
89%
2x Gold 1x Silber 1x Bronze Ski Alpin Hermann Maier
86%
2x Bronze Ski Alpin Christian Mayer
77%
1x Silber Ski Alpin Helmut Mayer
77%
3x Gold 1x Bronze Ski Alpin Matthias Mayer
77%
1x Gold Skispringen Stefan Kraft
77%
1x Gold 1x Silber 2x Bronze Skispringen Gregor Schlierenzauer
76%
3x Gold 1x Silber Skispringen Thomas Morgenstern
72%
2x Bronze Skispringen Andreas Goldberger
69%
2x Gold 2x Bronze Ski Alpin Benjamin Raich
64%
1x Gold 2x Silber 1x Bronze Ski Alpin Stephan Eberharter
64%
3x Gold 1x Silber 3x Bronze Nordische Kombination Felix Gottwald
62%
1x Gold 2x Silber Ski Alpin Anna Veith
61%
1x Gold Ski Alpin Franz Klammer
59%
1x Bronze Ski Alpin Alfred Matt
58%
1x Silber Freestyle-Skiing Andreas Matt
58%
1x Gold Ski Alpin Mario Matt
58%
3x Silber 1x Bronze Ski Alpin Marlies Schild
58%
1x Gold 1x Silber 1x Bronze Ski Alpin Michael Matt
58%
3x Gold Ski Alpin Toni Sailer
57%
2x Gold 1x Silber Ski Alpin Michaela Dorfmeister
56%
1x Silber Ski Alpin Marco Schwarz
54%
1x Gold Eiskunstlauf Sissy Schwarz
54%
1x Gold Eiskunstlauf Wolfgang Schwarz
54%
1x Silber 2x Bronze Ski Alpin Alexandra Meißnitzer
53%
1x Silber 1x Bronze Ski Alpin Renate Götschl
53%
1x Gold 1x Silber Ski Alpin Hubert Strolz
52%
2x Gold 1x Silber Ski Alpin Johannes Strolz
52%
2x Gold Snowboard Anna Gasser
51%
1x Gold 3x Bronze Nordische Kombination Bernhard Gruber
50%
1x Silber Bobsport Herbert Gruber
50%
1x Gold 1x Bronze Nordische Kombination Michael Gruber
50%
1x Silber Ski Alpin Elfriede Eder
49%
1x Silber Bobsport Josef Eder
49%
1x Silber 1x Bronze Biathlon Simon Eder
49%
1x Gold Ski Alpin Fritz Strobl
47%
1x Gold 2x Silber Ski Alpin Katharina Liensberger
47%
1x Gold 2x Silber Ski Alpin Annemarie Moser-Pröll
46%
2x Gold 1x Silber Skispringen Andreas Kofler
45%
2x Silber 1x Bronze Ski Alpin Nicole Hosp
45%
2x Silber 2x Bronze Biathlon Dominik Landertinger
44%
1x Gold 1x Silber Skispringen Toni Innauer
44%
1x Bronze Skispringen Christian Moser
43%
2x Gold 1x Silber Rennrodeln Andreas Linger
42%
1x Gold Skispringen Daniel Huber
42%
1x Gold 1x Silber Skispringen Manuel Fettner
42%
2x Gold Ski Alpin Petra Kronberger
42%
2x Gold 1x Silber Rennrodeln Wolfgang Linger
42%
1x Silber Ski Alpin Edith Walch
41%
1x Silber Rennrodeln Ewald Walch
41%
1x Silber Ski Alpin Herbert Huber
41%
1x Gold Ski Alpin Katharina Huber
41%
1x Gold Skispringen Martin Koch
41%
1x Silber Ski Alpin Hans Knauß
40%
2x Silber 1x Bronze Rennrodeln Markus Prock
40%
1x Gold Ski Alpin Patrick Ortlieb
40%
1x Gold 2x Bronze Skispringen Andreas Widhölzl
39%
1x Gold 2x Silber Ski Alpin Anita Wachter
39%
1x Gold 1x Silber 1x Bronze Snowboard Benjamin Karl
39%
1x Silber Ski Alpin Karl Schranz
39%
2x Gold 2x Bronze Nordische Kombination Mario Stecher
39%
2x Silber 1x Bronze Biathlon Christoph Sumann
38%
1x Bronze Skilanglauf Teresa Stadlober
38%
1x Silber Skispringen Thomas Diethart
38%
1x Silber Ski Alpin Manuel Feller
37%
1x Silber Skispringen Michael Hayböck
37%
2x Bronze Ski Alpin Elisabeth Görgl
36%
1x Gold 1x Bronze Rennrodeln David Gleirscher
35%
1x Gold 1x Silber Skispringen Ernst Vettori
35%
1x Gold Ski Alpin Leonhard Stock
35%
1x Silber Ski Alpin Michael Walchhofer
35%
1x Silber Ski Alpin Mirjam Puchner
35%
1x Silber Skispringen Daniela Iraschko-Stolz
34%
1x Gold 1x Bronze Ski Alpin Ernst Hinterseer
34%
1x Gold Ski Alpin Andrea Fischbacher
33%
1x Gold Ski Alpin Katharina Truppe
33%
1x Gold Ski Alpin Thomas Stangassinger
33%
1x Bronze Ski Alpin Anton Steiner
32%
1x Silber 1x Bronze Ski Alpin Katharina Gallhuber
32%
1x Gold 1x Bronze Skilanglauf Christian Hoffmann
31%
1x Gold Skispringen Jan Hörl
31%
1x Bronze Ski Alpin Kathrin Zettel
31%
1x Gold 2x Bronze Nordische Kombination Christoph Bieler
30%
1x Silber Skispringen Hubert Neuper
30%
1x Gold Snowboard Julia Dujmovits
30%
1x Silber 1x Bronze Rennrodeln Madleine Egle
30%
1x Bronze Ski Alpin Thomas Sykora
30%
3x Bronze Nordische Kombination Lukas Klapfer
27%
1x Silber Ski Alpin Reinfried Herbst
27%
2x Silber Rennrodeln Wolfgang Kindl
27%
1x Silber Skispringen Andreas Felder
26%
1x Gold 1x Bronze Ski Alpin Christl Haas
26%
1x Silber 1x Bronze Biathlon Daniel Mesotitsch
26%
1x Bronze Ski Alpin Günther Mader
25%
1x Gold 1x Silber Rennrodeln Manfred Schmid
25%
1x Gold Ski Alpin Mario Reiter
25%
1x Bronze Rennrodeln Rudolf Schmid
25%
1x Gold Ski Alpin Stephan Brennsteiner
25%
1x Silber Ski Alpin Bernhard Gstrein
24%
1x Bronze Eiskunstlauf Melitta Brunner
24%
1x Gold Ski Alpin Sigrid Wolf
24%
1x Silber Ski Alpin Stephanie Brunner
24%
1x Gold Snowboard Alessandro Hämmerle
23%
1x Bronze Ski Alpin Andreas Schifferer
23%
1x Bronze Ski Alpin Hannes Trinkl
23%
1x Silber 1x Bronze Rennrodeln Lorenz Koller
23%
1x Bronze Nordische Kombination Lukas Greiderer
23%
2x Bronze Ski Alpin Rainer Schönfelder
23%
1x Bronze Nordische Kombination Mario Seidl
22%
1x Silber 1x Bronze Skilanglauf Michael Botwinow
22%
2x Bronze Skispringen Stefan Horngacher
22%
1x Bronze Nordische Kombination Hansjörg Aschenwald
21%
3x Silber 1x Bronze Skispringen Martin Höllwarth
21%
1x Bronze Nordische Kombination Wilhelm Denifl
21%
1x Gold Eiskunstlauf Alfred Berger
20%
1x Gold Ski Alpin Egon Zimmermann
20%
2x Silber Eiskunstlauf Fritz Burger
20%
1x Silber 1x Bronze Rennrodeln Peter Penz
20%
1x Silber SkI Alpin Peter Wirnsberger
20%
1x Silber 1x Bronze Rennrodeln Thomas Steu
20%
1x Bronze Ski Alpin Michael Tritscher
19%
2x Bronze Ski Alpin Traudl Hecher
19%
1x Gold Nordische Kombination David Kreiner
18%
1x Bronze Snowboard Marion Kreiner
18%
1x Bronze Nordische Kombination Stefan Kreiner
18%
2x Gold 1x Silber Ski Alpin Trude Jochum-Beiser
18%
1x Silber Ski Alpin Brigitte Totschnig
17%
1x Silber 1x Bronze Rennrodeln Georg Fischler
17%
1x Gold 1x Bronze Skispringen Karl Schnabl
17%
1x Silber Ski Alpin Mathias Leitner
17%
1x Gold 1x Silber 1x Bronze Ski Alpin Pepi Stiegler
17%
1x Bronze Ski Alpin Walter Schuster
17%
1x Bronze Ski Alpin Wiltrud Trexl
16%
1x Silber Snowboard Daniela Ulbing
15%
1x Silber Ski Alpin Franz Gabl
15%
1x Gold Ski Alpin Olga Pall
15%
1x Silber 2x Bronze Skispringen Heinz Kuttin
14%
1x Silber 1x Bronze Ski Alpin Anderl Molterer
13%
1x Gold Bobsport Ingo Appelt
13%
1x Silber Rennrodlen Nina Reithmayer
13%
1x Silber 1x Bronze Rennrodeln Angelika Neuner
12%
1x Gold Rennrodeln Doris Neuner
12%
1x Bronze Eiskunstlauf Ingrid Wendl
11%
1x Gold 1x Silber Ski Alpin Othmar Schneider
11%
1x Gold 1x Silber 1x Bronze Eisschnelllauf Emese Hunyady
10%
1x Bronze Biathlon Wolfgang Perner
10%
1x Gold Bobsport Harald Winkler
9%
1x Silber Skilanglauf Markus Gandler
9%
1x Bronze Rennrodeln Andrea Tagwerker
6%
2x Gold Eiskunstlauf Karl Schäfer
6%
1x Silber 1x Bronze Eisschnelllauf Michael Hadschieff
6%
1x Bronze Skispringen Reinhard Schwarzenberger
6%
1x Bronze Ski Alpin Hans Enn
5%
1x Bronze Nordische Kombination Klaus Ofner
5%
1x Silber 3x Bronze Nordische Kombination Klaus Sulzenbacher
5%
1x Gold Eiskunstlauf Beatrix Schuba
4%
1x Bronze Nordische Kombination Günter Csar
4%
1x Silber 1x Bronze Ski Alpin Christian Pravda
3%
1x Bronze Rennrodeln Markus Schmidt
3%
1x Bronze Snowboard Sigfried Grabner
3%
1x Bronze Ski Alpin Veronika Wallinger
3%
2x Silber Bobsport Erwin Thaler
2%
2x Bronze Ski Alpin Heini Messner
2%
1x Silber Rennrodeln Helmut Thaler
2%
1x Silber Eiskunstlauf Otto Kaiser
2%
1x Bronze Skispringen Baldur Preiml
1%
1x Bronze Snowboard Brigitte Köck
1%
1x Silber Ski Alpin Dagmar Rom
1%
1x Bronze Ski Alpin Dorothea Hochleitner
1%
1x Silber Eiskunstlauf Lilly Scholz
1%
1x Silber Skeleton Martin Rettl
1%
1x Silber Skispringen Reinhold Bachler
1%
1x Bronze Ski Alpin Toni Spiss
1%
1x Silber Bobsport Adolf Koxeder
0%
1x Bronze Eiskunstlauf Edi Rada
0%
2x Bronze Ski Alpin Erika Mahringer
0%
1x Silber Eiskunstlauf Erik Pausin
0%
1x Silber Eiskunstlauf Eva Pawlik
0%
1x Bronze Eiskunstlauf Felix Kaspar
0%
1x Bronze Rennrodeln Franz Schachner
0%
1x Bronze Rennrodeln Georg Fluckinger
0%
1x Gold Bobsport Gerhard Haidacher
0%
1x Gold Eiskunstlauf Helene Engelmann
0%
1x Bronze Rennrodeln Helene Thurner
0%
1x Silber Eiskunstlauf Helmut Seibt
0%
1x Gold Eiskunstlauf Herma Szabó
0%
1x Silber Eiskunstlauf Ilse Pausin
0%
1x Silber Ski Alpin Josefa Frandl
0%
1x Gold Rennrodeln Josef Feistmantl
0%
1x Silber Bobsport Josef Nairz
0%
1x Bronze Rennrodeln Karl Schrott
0%
1x Gold Eiskunstlauf Kurt Oppelt
0%
1x Bronze Eiskunstlauf Ludwig Wrede
0%
1x Gold Rennrodeln Manfred Stengl
0%
1x Bronze Eisschnelllauf Max Stiepl
0%
1x Bronze Skispringen Otto Leodolter
0%
1x Silber Ski Alpin Regina Schöpf
0%
1x Silber Eiskunstlauf Regine Heitzer
0%
2x Silber Bobsport Reinhold Durnthaler
0%
1x Silber Rennrodeln Reinhold Senn
0%
1x Bronze Ski Alpin Resi Hammerer
0%
2x Silber Eiskunstlauf Willy Böckl
0%
Keine übereinstimmenden Quizze gefunden
Verteilung der Resultate
Anzahl Personen mit jedem Resultat
Perzentil nach korrekt beantworteten Fragen
Ihre Resultats-Entwicklung
Sie haben dieses Quiz seit der letzten Aktualisierung nicht gespielt